[Event "Mechanics' Spring TNM; 30/90, SD/30"]
[Site "San Francisco"]
[Date "2013.05.07"]
[Round "8.27"]
[White "Matchen, George"]
[Black "Allen, Tom"]
[Result "1-0"]
[WhiteElo "1668"]
[BlackElo "1535"]
[PlyCount "81"]
[EventDate "2013.??.??"]

1. e4 e5 2. Nf3 Nc6 3. Bc4 Nf6 4. Ng5 Bc5 5. Bxf7+ Ke7 6. Bb3 Rf8 7. O-O d6 8.
d3 Bg4 9. Nf3 Nd4 10. Nbd2 Qe8 11. c3 Nxf3+ 12. Nxf3 Qh5 13. d4 exd4 14. cxd4
Bb6 15. Re1 Nd7 16. Re3 c5 17. dxc5 Bxc5 18. Rd3 Ne5 19. Bg5+ Qxg5 20. Nxg5
Bxd1 21. Rdxd1 Rxf2 22. Ne6 Rf6+ 23. Nxc5 dxc5 24. Bd5 Rb8 25. Rf1 Ng4 26. Rf3
Rxf3 27. gxf3 Ne3 28. Bb3 c4 29. Kf2 cxb3 30. Kxe3 bxa2 31. Rxa2 a6 32. b4 Ke6
33. h4 g6 34. Ra5 Rd8 35. b5 Rd6 36. Kf4 Rb6 37. bxa6 Rxa6 38. Rb5 b6 39. h5
gxh5 40. Rxh5 Ra1 41. Rh6+ 1-0

[Event "Mechanics' Spring TNM; 30/90, SD/30"]
[Site "San Francisco"]
[Date "2013.03.26"]
[Round "2.30"]
[White "Matchen, George"]
[Black "Cole, Tony"]
[Result "1-0"]
[WhiteElo "1668"]
[BlackElo "1439"]
[PlyCount "137"]
[EventDate "2013.??.??"]

1. e4 c5 2. c3 Nc6 3. d4 cxd4 4. cxd4 d5 5. e5 Bf5 6. Nc3 e6 7. Nf3 Bb4 8. Bd3
Nge7 9. O-O Bg4 10. Be2 Nf5 11. Be3 f6 12. h3 Bh5 13. Ne1 Bxe2 14. Nxe2 fxe5
15. dxe5 Bxe1 16. Rxe1 Nxe3 17. fxe3 Nxe5 18. Qd4 Qg5 19. Rf1 Nc6 20. Qc5 O-O-O
21. b4 Kb8 22. b5 Ne5 23. Nf4 Rhe8 24. b6 axb6 25. Qxb6 Nc6 26. Rac1 Rc8 27.
Rb1 Qe7 28. Nxe6 d4 29. exd4 Qd7 30. d5 Nd8 31. Nc5 Qxd5 32. Na6+ Ka8 33. Nc7+
Rxc7 34. Qxc7 Ne6 35. Qb6 Nd4 36. Rfd1 Ne2+ 37. Kh1 Qc6 38. Qxc6 bxc6 39. Re1
Ng3+ 40. Kh2 Rxe1 41. Rxe1 Nf5 42. g4 Nd4 43. Re8+ Kb7 44. Re7+ Kb6 45. Rxg7 c5
46. Kg2 c4 47. Kf2 Kb5 48. Ke3 Nc2+ 49. Kd2 Na3 50. Rxh7 Kb4 51. Rb7+ Kc5 52.
Ra7 Nb5 53. Ra5 Kb4 54. Rxb5+ Kxb5 55. Kc3 Kc5 56. h4 Kd5 57. g5 Ke6 58. Kxc4
Kf7 59. h5 Kg7 60. a4 Kh7 61. Kd5 Kg7 62. Ke6 Kh7 63. Kf7 Kh8 64. a5 Kh7 65. a6
Kh8 66. a7 Kh7 67. h6 Kh8 68. a8=Q+ Kh7 69. Qg8# 1-0

[Event "Mechanics' Spring TNM; 30/90, SD/30"]
[Site "San Francisco"]
[Date "2013.04.09"]
[Round "4.20"]
[White "Matchen, George"]
[Black "Krasnov, Steven"]
[Result "1-0"]
[WhiteElo "1668"]
[BlackElo "1958"]
[PlyCount "113"]
[EventDate "2013.??.??"]

1. e4 g6 2. d4 Bg7 3. Nf3 d6 4. Bc4 Nf6 5. Qe2 c6 6. O-O O-O 7. e5 Nd5 8. Rd1
Na6 9. c3 Nac7 10. Na3 b5 11. Bd3 b4 12. cxb4 Nxb4 13. Bc4 a5 14. Nc2 Nxc2 15.
Qxc2 Bg4 16. Qe4 Qd7 17. h3 Bf5 18. Qe2 Rad8 19. Bd2 a4 20. Ba5 Ra8 21. Bxc7
Qxc7 22. e6 d5 23. exf7+ Rxf7 24. Bd3 a3 25. b3 Qf4 26. Bxf5 Qxf5 27. Rac1 Qd7
28. Rc3 Rf6 29. Re1 Bf8 30. Ne5 Qb7 31. Rec1 Rc8 32. Qc2 Bh6 33. Ng4 Bxc1 34.
Nxf6+ exf6 35. Qxc1 Qb6 36. Rc5 Qa6 37. Qe1 Kf7 38. Ra5 Qb6 39. Qc3 Re8 40.
Rxa3 Re4 41. Ra4 Ke6 42. Qd3 Re1+ 43. Kh2 Qc7+ 44. g3 f5 45. Qd2 Rb1 46. Qe3+
Kf6 47. Ra8 Rb2 48. h4 h6 49. Kg2 g5 50. hxg5+ hxg5 51. Qe8 Rd2 52. Qh8+ Ke7
53. Qg7+ Kd6 54. Qf6+ Kd7 55. Qxf5+ Kd6 56. Qe5+ Kd7 57. Qe8+ 1-0

[Event "Mechanics' Winter TNM; 30/90, SD/30"]
[Site "San Francisco"]
[Date "2013.02.26"]
[Round "8.25"]
[White "Matchen, George"]
[Black "Palmieri, Ralph"]
[Result "1-0"]
[WhiteElo "1668"]
[BlackElo "1601"]
[PlyCount "64"]
[EventDate "2013.??.??"]

1. e4 c5 2. Nf3 Nc6 3. d4 cxd4 4. Nxd4 e6 5. Nc3 d6 6. Be3 Be7 7. Be2 Nf6 8.
Qd2 O-O 9. O-O Ne5 10. Rad1 a6 11. f3 Qc7 12. Kh1 Rd8 13. f4 Nc4 14. Bxc4 Qxc4
15. b3 Qc7 16. Na4 b5 17. Nxb5 axb5 18. Bb6 Qd7 19. Bxd8 Nxe4 20. Nb6 Qxd8 21.
Qd4 Rb8 22. Nxc8 Rxc8 23. Qxe4 d5 24. Qe2 b4 25. f5 Qb6 26. fxe6 fxe6 27. Rde1
Rc6 28. Qg4 Rxc2 29. Rxe6 Qd8 30. Qf5 Rc7 31. Qf7+ Kh8 32. Rxe7 Qxe7 1-0

[Event "Mechanics' Winter TNM; 30/90, SD/30"]
[Site "San Francisco"]
[Date "2013.02.12"]
[Round "6.28"]
[White "Matchen, George"]
[Black "Simpkins, Jerry"]
[Result "1-0"]
[WhiteElo "1668"]
[BlackElo "1339"]
[Annotator "Donaldson"]
[PlyCount "103"]
[EventDate "2013.??.??"]

1. e4 e5 2. Bc4 Nf6 3. Nc3 Bc5 4. Nf3 d6 5. d4 exd4 6. Nxd4 Bxd4 7. Qxd4 Nc6 8.
Bb5 Bd7 9. Qd1 Qe7 10. O-O Ng4 11. Nd5 Qh4 12. h3 O-O-O 13. hxg4 Bxg4 14. f3
Ne5 15. Ne3 h5 16. Nf5 Bxf5 17. exf5 Ng4 18. Bf4 g5 19. fxg6 fxg6 20. Qe1 Qf6
21. fxg4 hxg4 22. Bd2 Qd4+ 23. Qe3 Qd5 24. Bd3 (24. Qg5) 24... Qh5 25. Qg3 Rde8
26. Bf4 Qc5+ 27. Rf2 g5 28. Qxg4+ Kb8 29. Bg3 $2 (29. Qxg5) 29... Rh6 30. Qf3
$2 Reh8 31. Kf1 Rh1+ 32. Ke2 Re8+ 33. Kd2 (33. Qe4) 33... Qb4+ 34. c3 Qxb2+ 35.
Bc2 Qxa1 36. Re2 Qc1+ 37. Kd3 Rd1+ $2 38. Bxd1 Qxd1+ 39. Rd2 Qb1+ 40. Rc2 Qb5+
41. c4 Qb4 42. Bf2 Qa3+ 43. Kd2 Qa5+ 44. Kc1 g4 45. Qxg4 Qa3+ 46. Kb1 Qb4+ 47.
Ka1 Re1+ 48. Bxe1 Qxe1+ 49. Kb2 Qb4+ 50. Kc1 Qe1+ 51. Qd1 Qe3+ 52. Kb1 1-0

[Event "Mechanics' Spring TNM; 30/90, SD/30"]
[Site "San Francisco"]
[Date "2013.04.16"]
[Round "5.15"]
[White "Matchen, George"]
[Black "Thornally, Frank"]
[Result "0-1"]
[WhiteElo "1668"]
[BlackElo "2218"]
[PlyCount "52"]
[EventDate "2013.??.??"]

1. Nf3 d5 2. d4 e6 3. c4 c5 4. e3 Nc6 5. Nc3 Nf6 6. Bd3 Be7 7. O-O O-O 8. Re1
dxc4 9. Bxc4 a6 10. a4 Qc7 11. a5 Nxa5 12. Bd3 Nc6 13. Bd2 Rd8 14. Bb5 cxd4 15.
exd4 Nxd4 16. Be2 Nc6 17. Qc1 Bd7 18. Bf4 Bd6 19. Bg5 Be7 20. Bf4 e5 21. Bg5
Be6 22. Bxf6 Bxf6 23. Ne4 Be7 24. Nfg5 Bd5 25. Bc4 Bxg5 26. Qxg5 Bxc4 0-1

[Event "Mechanics' Winter TNM; 30/90, SD/30"]
[Site "San Francisco"]
[Date "2013.02.05"]
[Round "5.16"]
[White "Matchen, George"]
[Black "Todortsev, Victor"]
[Result "0-1"]
[WhiteElo "1668"]
[BlackElo "1910"]
[PlyCount "54"]
[EventDate "2013.??.??"]

1. e4 c5 2. Nf3 d6 3. d4 cxd4 4. Nxd4 Nf6 5. Nc3 Nc6 6. Be2 g6 7. Be3 Bg7 8.
O-O O-O 9. Rb1 a6 10. h3 Qc7 11. Qd2 Bd7 12. f4 e5 13. Nf3 Rad8 14. Bd3 Bc8 15.
Qf2 Rde8 16. Bb6 Qb8 17. fxe5 Nd7 18. exd6 Nxb6 19. Qxb6 Qxd6 20. Nd5 f5 21.
Bc4 Kh8 22. exf5 Bxf5 23. Bb3 Be4 24. Rbd1 Bxf3 25. Rxf3 Rxf3 26. gxf3 Qg3+ 27.
Kf1 Qxf3+ 0-1

[Event "Mechanics' Winter TNM; 30/90, SD/30"]
[Site "San Francisco"]
[Date "2013.01.08"]
[Round "1.12"]
[White "Matchen, George"]
[Black "Watson, Farid"]
[Result "0-1"]
[WhiteElo "1584"]
[BlackElo "2040"]
[PlyCount "126"]
[EventDate "2013.??.??"]

1. e4 c5 2. Nf3 g6 3. d4 cxd4 4. Nxd4 Nc6 5. Nxc6 bxc6 6. Bc4 Nf6 7. Nc3 Qc7 8.
O-O Bg7 9. Re1 d6 10. Rb1 O-O 11. Bg5 h6 12. Bh4 Rb8 13. Bb3 Qa5 14. Bc4 Rb4
15. Bb3 Ba6 16. a3 Rb7 17. f4 Qh5 18. Qxh5 Nxh5 19. f5 Bd4+ 20. Bf2 Bxf2+ 21.
Kxf2 Kg7 22. Re3 Nf6 23. h3 Nd7 24. Ba4 Ne5 25. Rg3 Rfb8 26. b4 Bc4 27. Bb3 a5
28. bxa5 Ra7 29. a4 Rxa5 30. h4 h5 31. Rg5 Kf6 32. Ke3 Rc5 33. Kd2 d5 34. exd5
cxd5 35. fxg6 fxg6 36. Ne2 Nf7 37. Rf1+ Kg7 38. Rg3 Nd6 39. Rgf3 Nf5 40. g3
Bxe2 41. Rxf5 Bxf1 42. Rxf1 e5 43. Kd3 Rb4 44. Ra1 Ra5 45. Kc3 Rg4 46. Rg1 Kf6
47. Kd3 Ke6 48. c4 Rd4+ 49. Kc3 Rc5 50. Kb4 Kd6 51. Rf1 dxc4 52. Rf6+ Kd5 53.
Ba2 Rc6 54. Rxc6 Kxc6 55. a5 Rg4 56. Bb1 Rxg3 57. Be4+ Kc7 58. a6 Kb8 59. Kxc4
Rg4 60. Kd5 g5 61. hxg5 Rxg5 62. Kc6 Rg1 63. Bf5 Rf1 0-1

[Event "Mechanics' Neil Falconer TNM; 30/90, SD"]
[Site "San Francisco"]
[Date "2013.09.24"]
[Round "8.14"]
[White "McCarty-Snead, Callaghan"]
[Black "Alzhin, Leonid"]
[Result "0-1"]
[WhiteElo "1736"]
[BlackElo "1873"]
[Annotator "Donaldson"]
[PlyCount "42"]
[EventDate "2013.??.??"]

1. e4 c5 2. Nf3 Nc6 3. d4 cxd4 4. Nxd4 Nf6 5. Nc3 a6 6. Be3 d6 7. Be2 e6 8. O-O
Be7 9. Qd2 O-O 10. Rfe1 Bd7 11. f3 b5 12. a3 Rc8 13. Rad1 Qc7 14. Bd3 Ne5 15.
Be2 Rfe8 16. Kh1 Nc4 17. Bxc4 Qxc4 18. Qe2 Qc7 19. Rc1 $6 d5 20. Qf2 $4 e5 21.
Nde2 d4 0-1

[Event "Mechanics' Winter TNM; 30/90, SD/30"]
[Site "San Francisco"]
[Date "2013.01.29"]
[Round "4.23"]
[White "McCarty-Snead, Callaghan"]
[Black "Cendejas, Juan"]
[Result "1/2-1/2"]
[WhiteElo "1411"]
[BlackElo "1849"]
[PlyCount "85"]
[EventDate "2013.??.??"]

1. e4 e5 2. Nf3 Bc5 3. Nxe5 Qh4 4. Qf3 Nf6 5. Nc3 d6 6. Nd3 Bb6 7. Qg3 Qxg3 8.
hxg3 Nc6 9. Be2 Bd7 10. Nf4 Nd4 11. Bd1 O-O-O 12. d3 h6 13. Be3 Ng4 14. Bxd4
Bxd4 15. Bxg4 Bxg4 16. f3 Bxc3+ 17. bxc3 Bd7 18. O-O-O g5 19. Nd5 Be6 20. c4 c6
21. Nc3 f5 22. exf5 Bxf5 23. g4 Bg6 24. Rde1 Kd7 25. Kd2 Rde8 26. Rxe8 Kxe8 27.
Re1+ Kd7 28. Ne4 Rf8 29. Rh1 Bxe4 30. dxe4 Rf6 31. Rf1 Ke6 32. Ke3 d5 33. cxd5+
cxd5 34. exd5+ Kxd5 35. Rd1+ Kc5 36. Rd4 b5 37. c3 a5 38. a3 Re6+ 39. Re4 Rd6
40. Rd4 Re6+ 41. Re4 Rd6 42. Rd4 Re6+ 43. Re4 1/2-1/2

[Event "Mechanics' Neil Falconer TNM; 30/90, SD"]
[Site "San Francisco"]
[Date "2013.09.10"]
[Round "6.18"]
[White "McCarty-Snead, Callaghan"]
[Black "Chandrasekaran, Siddarth"]
[Result "1/2-1/2"]
[WhiteElo "1736"]
[BlackElo "1466"]
[Annotator "Donaldson"]
[PlyCount "43"]
[EventDate "2013.??.??"]

1. e4 e5 2. Nf3 Nc6 3. Bc4 Nf6 4. d3 Bc5 5. Nc3 O-O 6. Bg5 Be7 7. Bb3 d6 8. h3
h6 9. Be3 Be6 10. O-O d5 11. exd5 Nxd5 12. Nxd5 Bxd5 13. Bxd5 Qxd5 14. Qe2 Rfe8
15. Rfe1 e4 16. dxe4 Qxe4 17. c3 Bc5 18. Qf1 (18. Qb5 $1) 18... Bxe3 19. Rxe3
Qg6 20. Rae1 Rxe3 21. Rxe3 Rd8 22. Qe1 1/2-1/2

[Event "Mechanics' Spring TNM; 30/90, SD/30"]
[Site "San Francisco"]
[Date "2013.04.09"]
[Round "4.35"]
[White "McCarty-Snead, Callaghan"]
[Black "Melville, Cailen"]
[Result "1-0"]
[WhiteElo "1485"]
[BlackElo "1863"]
[PlyCount "91"]
[EventDate "2013.??.??"]

1. e4 e6 2. d4 d5 3. exd5 exd5 4. Nf3 Bd6 5. Bd3 Nc6 6. O-O Nge7 7. c3 Bg4 8.
Be3 Qd7 9. Nbd2 O-O-O 10. Qc2 h6 11. b4 f5 12. Nb3 Bxf3 13. gxf3 Rdg8 14. Nc5
Bxc5 15. bxc5 Nd8 16. Kh1 g5 17. Rg1 f4 18. Bd2 Qh3 19. Be2 Nf5 20. Rab1 Nh4
21. Qd3 c6 22. a4 Re8 23. a5 a6 24. Rb3 Re7 25. c4 Rhe8 26. Bf1 Qe6 27. cxd5
Qxd5 28. Bh3+ Kc7 29. Bf1 h5 30. Qc4 Qxc4 31. Bxc4 Ne6 32. Bxe6 Rxe6 33. Rxg5
Kc8 34. Rg1 Re2 35. Bxf4 Re1 36. Rb1 Rxb1 37. Rxb1 Nxf3 38. Rd1 Rg8 39. Bg3 h4
40. Kg2 hxg3 41. Kxf3 gxh2 42. Rh1 Rh8 43. Kg2 Kd7 44. Rxh2 Rxh2+ 45. Kxh2 Ke6
46. f4 {remainder illegible} 1-0

[Event "Mechanics' Summer TNM; 30/90, SD/30"]
[Site "San Francisco"]
[Date "2013.05.28"]
[Round "1.15"]
[White "McCarty-Snead, Callaghan"]
[Black "Morton, Adam"]
[Result "0-1"]
[WhiteElo "1622"]
[BlackElo "2012"]
[PlyCount "74"]
[EventDate "2013.??.??"]

1. e4 e5 2. Nf3 Nc6 3. Bc4 Nf6 4. d3 h6 5. O-O Bc5 6. Nc3 O-O 7. Be3 d6 8. Bxc5
dxc5 9. h3 Re8 10. Re1 Na5 11. Bb3 c6 12. Qd2 Qc7 13. Rad1 Nxb3 14. axb3 b6 15.
Ra1 Nh5 16. Ne2 Qe7 17. Kh2 Qf6 18. Ng3 Nf4 19. Qe3 Kh7 20. Ne2 g5 21. Nxf4
exf4 22. Qc1 Qg6 23. Qd2 Qh5 24. Kg1 Bxh3 25. gxh3 Qxf3 26. Kh2 a5 27. Ra4 Re5
28. d4 Rd8 29. c3 cxd4 30. Rxd4 Rde8 31. Qc2 Kg7 32. Rd3 Qh5 33. f3 f5 34. Rd7+
R8e7 35. Red1 Qxf3 36. Qg2 Qxe4 37. Qxe4 fxe4 0-1

[Event "Mechanics' Summer TNM; 30/90, SD/30"]
[Site "San Francisco"]
[Date "2013.06.25"]
[Round "5.25"]
[White "McCarty-Snead, Callaghan"]
[Black "Muller, Raymond"]
[Result "1-0"]
[WhiteElo "1622"]
[BlackElo "1374"]
[PlyCount "75"]
[EventDate "2013.??.??"]

1. e4 e6 2. d4 d5 3. Nd2 dxe4 4. Nxe4 Bd7 5. Nf3 Bc6 6. Bd3 h6 7. Bf4 Nd7 8.
O-O Ngf6 9. Re1 Nxe4 10. Bxe4 Bxe4 11. Rxe4 Nf6 12. Re1 Bd6 13. Ne5 O-O 14. Qf3
Nd5 15. Bd2 c6 16. Qg4 Nf6 17. Qg3 Nh5 18. Qf3 Nf6 19. Rad1 Qc7 20. Bxh6 Nd5
21. Qg4 f6 22. Qxe6+ Kh7 23. Qf5+ Kg8 24. Bxg7 Qxg7 25. Qe6+ Kh7 26. Re4 Qh6
27. Qf5+ Kh8 28. Rh4 Qxh4 29. Ng6+ Kg7 30. Nxh4 Ne7 31. Qg4+ Kf7 32. Qh5+ Ke6
33. Re1+ Kd7 34. Qg4+ Kc7 35. c4 Bb4 36. Qf4+ Bd6 37. Rxe7+ Kb6 38. Qxd6 1-0

[Event "Mechanics' Neil Falconer TNM; 30/90, SD"]
[Site "San Francisco"]
[Date "2013.10.01"]
[Round "9.16"]
[White "McCarty-Snead, Callaghan"]
[Black "Nyangar, Enkhmaa"]
[Result "0-1"]
[WhiteElo "1736"]
[BlackElo "1570"]
[PlyCount "62"]
[EventDate "2013.??.??"]

1. e4 c5 2. Nf3 Nc6 3. Nc3 e5 4. Bc4 Be7 5. O-O Nf6 6. d3 Na5 7. Bb3 O-O 8.
Nxe5 Qc7 9. Nf3 Nxb3 10. axb3 b6 11. e5 Ng4 12. Nd5 Qd8 13. h3 Nh6 14. Bxh6
gxh6 15. Qd2 Bg5 16. Nxg5 hxg5 17. Nf6+ Kh8 18. Qxg5 Rg8 19. Qh4 Rg7 20. Qe4 d5
21. Qh4 Bb7 22. f3 d4 23. Qf2 Qc8 24. Qh4 Qf5 25. Ng4 a5 26. Qf6 Qh5 27. Rfe1
Rag8 28. e6 fxe6 29. Rxe6 Bd5 30. Re5 Qf7 31. Qxf7 Bxf7 {Both scoresheets are
unreadable at this point. White is much better at this point but Black went on
to win in mutual time pressure.} 0-1

[Event "Mechanics' Neil Falconer TNM; 30/90, SD"]
[Site "San Francisco"]
[Date "2013.08.20"]
[Round "3.12"]
[White "McCarty-Snead, Callaghan"]
[Black "Olsen, David"]
[Result "1-0"]
[WhiteElo "1732"]
[BlackElo "1447"]
[PlyCount "91"]
[EventDate "2013.??.??"]

1. e4 e5 2. Nf3 d6 3. d4 exd4 4. Nxd4 Nf6 5. Nc3 g6 6. Be2 Bg7 7. Be3 a6 8. a4
O-O 9. O-O Re8 10. f3 Nc6 11. Bf2 Nb4 12. Na2 a5 13. Nxb4 axb4 14. Qd2 c5 15.
Nb5 d5 16. e5 Rxe5 17. Bxc5 b3 18. c3 b6 19. Bd4 Re6 20. Bd1 Qd7 21. Bxb3 Bb7
22. Rfe1 Rae8 23. Rxe6 Qxe6 24. Nc7 Qe2 25. Qxe2 Rxe2 26. Bxf6 Bxf6 27. Bxd5
Bc8 28. Ra2 Kf8 29. Nb5 Ke7 30. b4 Re1+ 31. Kf2 Rc1 32. Re2+ Kf8 33. Be4 Bxc3
34. Nxc3 Rxc3 35. Rc2 Rxc2+ 36. Bxc2 Ke7 37. Ke3 Kd6 38. Kd4 f5 39. f4 h6 40.
h4 Be6 41. Bd3 Bb3 42. a5 bxa5 43. bxa5 Bd5 44. g3 Bf3 45. Bc4 Bc6 46. Bf7 1-0

[Event "Mechanics' Winter TNM; 30/90, SD/30"]
[Site "San Francisco"]
[Date "2013.02.05"]
[Round "5.23"]
[White "McCarty-Snead, Callaghan"]
[Black "Palmeri, Ralph"]
[Result "0-1"]
[WhiteElo "1411"]
[BlackElo "1715"]
[PlyCount "60"]
[EventDate "2013.??.??"]

1. d4 d5 2. c4 Nf6 3. Nc3 c6 4. Bf4 e6 5. e3 Bb4 6. Bd3 Nbd7 7. Nge2 O-O 8. O-O
Re8 9. a3 Bf8 10. Qc2 e5 11. dxe5 Nxe5 12. Bxe5 Rxe5 13. Nd4 g6 14. Rad1 Qe7
15. Rfe1 Bd7 16. Nf3 Rh5 17. cxd5 cxd5 18. e4 Bg4 19. exd5 Qc5 20. b4 Qd6 21.
Be2 Bxf3 22. Bxf3 Qxh2+ 23. Kf1 Qh1+ 24. Ke2 Re5+ 25. Kd2 Bh6+ 26. Kd3 Rxe1 27.
Rxe1 Qxe1 28. Kc4 Rc8+ 29. Kb3 Bd2 30. Qd1 Bxc3 0-1

[Event "Mechanics' Fall TNM; 30/90, SD/30"]
[Site "San Francisco"]
[Date "2013.11.12"]
[Round "4.27"]
[White "McCarty-Snead, Callaghan"]
[Black "Schlosberg, Max"]
[Result "1-0"]
[WhiteElo "1592"]
[BlackElo "1287"]
[PlyCount "47"]
[EventDate "2013.??.??"]

1. e4 e5 2. Nf3 Nc6 3. Bc4 Bc5 4. Nc3 Nf6 5. d3 d6 6. h3 h6 7. O-O Be6 8. Bb3
Qd7 9. Be3 Bb6 10. Na4 O-O 11. Nxb6 axb6 12. Nd2 Ne7 13. f4 exf4 14. Bxf4 Ng6
15. Bxh6 Nxe4 16. Nxe4 gxh6 17. Nf6+ Kg7 18. Nxd7 Bxd7 19. Qf3 Ne5 20. Qf6+ Kh7
21. Bd5 Ra5 22. Be4+ Kg8 23. Qxh6 Ba4 24. Qh7# 1-0

[Event "Mechanics' Spring TNM; 30/90, SD/30"]
[Site "San Francisco"]
[Date "2013.03.19"]
[Round "1.23"]
[White "McCarty-Snead, Callaghan"]
[Black "Todortsev, Victor"]
[Result "0-1"]
[WhiteElo "1485"]
[BlackElo "1910"]
[PlyCount "104"]
[EventDate "2013.??.??"]

1. e4 e5 2. Nf3 Nc6 3. Bc4 Nf6 4. d3 d6 5. h3 Na5 6. Bb3 Nxb3 7. axb3 Be7 8.
Bg5 O-O 9. O-O Nh5 10. Be3 Nf4 11. Bxf4 exf4 12. Qd2 g5 13. Nh2 f5 14. exf5
Bxf5 15. f3 d5 16. Nc3 c6 17. Ng4 Qd6 18. Rfe1 h5 19. Ne5 Bf6 20. d4 b6 21. Ne2
Bxe5 22. dxe5 Qxe5 23. Nd4 Qf6 24. Nxf5 Qxf5 25. Qc3 c5 26. Re5 Qf7 27. Rxg5+
Kh7 28. Qe5 Kh6 29. Qxd5 Rad8 30. Qxf7 Rxf7 31. Re5 Rd2 32. Rae1 Rxc2 33. R5e2
Rxe2 34. Rxe2 Kg6 35. Kf2 Rd7 36. Re6+ Kf5 37. Re2 Rd3 38. g4+ fxg3+ 39. Kxg3
Rxb3 40. Rf2 b5 41. Kh4 Rb4+ 42. Kxh5 Rf4 43. Rc2 c4 44. Rc3 b4 45. Re3 a5 46.
h4 a4 47. Kh6 Rxh4+ 48. Kg7 c3 49. bxc3 b3 50. Re2 a3 51. Kf7 b2 52. Re1 a2 0-1

[Event "Mechanics' Spring TNM; 30/90, SD/30"]
[Site "San Francisco"]
[Date "2013.04.30"]
[Round "7.35"]
[White "Melville, Cailen"]
[Black "Frank, Robert"]
[Result "1-0"]
[WhiteElo "1863"]
[BlackElo "1264"]
[Annotator "Donaldson"]
[PlyCount "67"]
[EventDate "2013.??.??"]

1. d4 Nf6 2. c4 d5 $6 3. cxd5 Nxd5 4. e4 (4. Nf3 $1) 4... Nb6 $6 (4... Nf6 $142
5. Nc3 e5 6. Nf3 exd4 7. Qxd4 Qxd4 8. Nxd4 Bb4 9. f3 O-O (9... c6 10. Be2 $14)
10. Ndb5 $14) 5. Nc3 e6 6. Nf3 Be7 7. Bd3 c5 8. Be3 cxd4 9. Nxd4 Bd7 10. Rc1
Nc6 11. Ndb5 (11. O-O) 11... a6 12. Na3 Bxa3 $2 13. bxa3 O-O (13... Ne5 14. O-O
O-O 15. Bc5 $14) 14. f4 (14. Qb3 Nc8 15. O-O) 14... f5 $2 15. exf5 exf5 16.
Qb3+ Kh8 17. Qxb6 Qe7 18. Qc5 Qe6 19. Bc4 Qf6 20. O-O Rac8 21. Bf2 b5 22. Nd5
Qd8 23. Bb3 Re8 24. Qb6 a5 25. Qxd8 Rcxd8 26. Nc7 Re4 27. Bd5 Rc4 28. Bxc4 bxc4
29. Rxc4 Rc8 30. Bb6 Rb8 31. Nd5 Re8 32. Kf2 Kg8 33. Re1 Kf7 34. Rxe8 1-0

[Event "Mechanics' Spring TNM; 30/90, SD/30"]
[Site "San Francisco"]
[Date "2013.04.16"]
[Round "5.37"]
[White "Melville, Cailen"]
[Black "Harris, Clarence"]
[Result "1-0"]
[WhiteElo "1863"]
[BlackElo "1382"]
[PlyCount "45"]
[EventDate "2013.??.??"]

1. d4 Nf6 2. c4 g6 3. Nc3 Bg7 4. e4 d6 5. Nf3 O-O 6. Be2 e5 7. O-O Nc6 8. d5
Ne7 9. b4 Nd7 10. g3 f5 11. Ng5 Nf6 12. Bf3 h6 13. Ne6 Bxe6 14. dxe6 c6 15. b5
Nh7 16. bxc6 bxc6 17. Bg2 Nf6 18. Rb1 Rb8 19. Ba3 Rxb1 20. Qxb1 Ne8 21. Qb7 Qb6
$4 22. Qxe7 Qa5 23. Nb1 1-0

[Event "Mechanics' Spring TNM; 30/90, SD/30"]
[Site "San Francisco"]
[Date "2013.03.19"]
[Round "1.26"]
[White "Melville, Cailen"]
[Black "Hilliard, Michael"]
[Result "0-1"]
[WhiteElo "1863"]
[BlackElo "1429"]
[PlyCount "136"]
[EventDate "2013.??.??"]

1. d4 d5 2. c4 c5 3. dxc5 d4 4. Nf3 Nc6 5. e3 e5 6. exd4 exd4 7. a3 Bxc5 8. b4
Be7 9. b5 Nb8 10. Qxd4 Nf6 11. Qxd8+ Bxd8 12. Bd3 O-O 13. O-O Nbd7 14. Be3 Be7
15. Rd1 Nc5 16. Bf1 Be6 17. Nd4 b6 18. Nc6 Rfe8 19. Ra2 Bd7 20. Nxe7+ Rxe7 21.
Nc3 Be6 22. Rad2 Ree8 23. Nd5 Nfe4 24. Rd4 Rac8 25. f3 Bxd5 26. cxd5 Nc3 27.
Re1 Re5 28. Bd2 Rxe1 29. Bxe1 N3a4 30. Bb4 Nd7 31. Bd3 Nac5 32. Bf5 Rd8 33. Be4
g6 34. g4 Kf8 35. f4 Ke7 36. a4 Kd6 37. g5 Re8 38. Kg2 f6 39. h4 f5 40. Bf3 Re3
41. Bd1 Re8 42. Kf3 Re7 43. Bc2 Re8 44. Rd2 Re7 45. h5 Re8 46. hxg6 hxg6 47.
Bb3 Re4 48. Ba3 Re7 49. Rh2 Nf8 50. Rh8 Rf7 51. Bxc5+ bxc5 52. Bc4 Nd7 53. Rc8
Nb6 54. Rc6+ Kd7 55. Bb3 Rh7 56. Kg3 Re7 57. Kf2 Re4 58. Kf3 Rb4 59. Bc2 Rc4
60. Bd3 Rc3 61. a5 Nxd5 62. Kf2 Rxd3 63. Rxg6 Rb3 64. Rg7+ Ne7 65. b6 axb6 66.
g6 bxa5 67. Rf7 Ke6 68. Rf8 Nxg6 0-1

[Event "Mechanics' Spring TNM; 30/90, SD/30"]
[Site "San Francisco"]
[Date "2013.05.07"]
[Round "8.16"]
[White "Menke, Scott"]
[Black "Woebcke, Carl"]
[Result "1-0"]
[WhiteElo "1894"]
[BlackElo "1752"]
[PlyCount "55"]
[EventDate "2013.??.??"]

1. e4 c5 2. d4 cxd4 3. Nf3 Nc6 4. c3 d5 5. exd5 Qxd5 6. cxd4 e5 7. dxe5 (7. Nc3
Bb4 8. Bd2 (8. Be2 e4 9. O-O) 8... Bxc3 9. Bxc3 e4 10. Ne5 Nxe5 11. dxe5 Ne7
12. Qa4+ Bd7 13. Qa3 Qe6 14. Rd1 O-O 15. Rd6 Qf5 $14) 7... Qxd1+ 8. Kxd1 Bg4 9.
Bf4 O-O-O+ 10. Kc1 Bc5 (10... Nge7) 11. Nbd2 f5 $2 (11... Nge7 12. Ne4 Ng6 13.
Bg3 Be7 $11) 12. Ng5 $1 Nge7 13. Ne6 Rd5 14. Bc4 Bxf2 15. Bxd5 (15. Rf1 $1)
15... Nxd5 16. Rf1 Nxf4 17. Nxf4 Be3 18. h3 Rd8 19. hxg4 Rxd2 20. Rf3 Rxg2+ 21.
Rxe3 Rxg4 $2 (21... Rg1+) 22. Nd3 f4 23. Re4 Rg2 24. Kd1 f3 25. e6 f2 26. Nxf2
Rxf2 27. e7 Rf1+ 28. Ke2 1-0

[Event "Mechanics' Spring TNM; 30/90, SD/30"]
[Site "San Francisco"]
[Date "2013.04.09"]
[Round "4.27"]
[White "Montoya, Daniel"]
[Black "Abraham, Renjish"]
[Result "0-1"]
[WhiteElo "1570"]
[BlackElo "1878"]
[Annotator "Donaldson"]
[PlyCount "30"]
[EventDate "2013.??.??"]

1. e4 c5 2. d4 cxd4 3. c3 dxc3 4. Nxc3 Nc6 5. Nf3 e6 6. Bc4 Be7 7. O-O Nf6 8.
Bf4 O-O (8... d6 9. Qe2 O-O 10. Rfd1 Na5 11. Bd3 e5) 9. Qe2 (9. e5 Ne8 10. Qe2
(10. Ne4 f6) 10... d6 11. exd6 Nxd6 12. Rad1) 9... a6 10. Rfd1 b5 11. Bb3 h6
12. Rd3 $4 Qb6 13. Nd5 exd5 14. exd5 Nb4 15. Qxe7 Nxd3 0-1

[Event "Mechanics' Spring TNM; 30/90, SD/30"]
[Site "San Francisco"]
[Date "2013.05.07"]
[Round "8.26"]
[White "Montoya, Daniel"]
[Black "Flores, David"]
[Result "0-1"]
[WhiteElo "1570"]
[BlackElo "1695"]
[PlyCount "30"]
[EventDate "2013.??.??"]

1. e4 e5 2. Nf3 Nc6 3. d4 exd4 4. Nxd4 Bc5 5. Nxc6 bxc6 6. Bd3 Ne7 7. O-O O-O
8. Nc3 d6 9. Qh5 Ng6 10. Na4 Bb6 11. Nxb6 cxb6 12. f4 Bd7 13. Bd2 Qc8 14. Bc3
$4 Bg4 15. Qg5 h6 0-1

[Event "Mechanics' Summer TNM; 30/90, SD/30"]
[Site "San Francisco"]
[Date "2013.05.28"]
[Round "1.17"]
[White "Montoya, Daniel"]
[Black "Hua, Arnold"]
[Result "0-1"]
[WhiteElo "1570"]
[BlackElo "1989"]
[PlyCount "50"]
[EventDate "2013.??.??"]

1. e4 c5 2. d4 cxd4 3. c3 dxc3 4. Nxc3 d6 5. Bc4 e6 6. Nf3 Be7 7. O-O Nf6 8.
Qe2 a6 9. Rd1 Nbd7 10. Bf4 Qb6 11. Rac1 O-O 12. Be3 Qa5 13. Bf4 b5 14. Bb3 b4
15. Nb1 e5 16. Bg5 h6 17. Bh4 g5 18. Bg3 Nc5 19. Nbd2 Re8 20. Nc4 Qc7 21. Ncxe5
dxe5 22. Bxe5 Qa5 23. Bxf6 Nxb3 24. axb3 Bxf6 25. Rd5 Qxd5 0-1